Cities Starting with M in Chinese Pinyin - Statistics

General Stats
  • This quiz has been taken 33 times
  • The average score is 13 of 15
Answer Stats
Hint Answer % Correct
Màn Chè Sī Tè Manchester
100%
Mǎ Ní Lā Manila
100%
Mù Ní Hēi Munich
100%
Mài Dé Lín Medellin
95%
Mò Ěr Běn Melbourne
95%
Mài Ā Mì Miami
95%
Mǐ Lán Milan
95%
Mò Sī Kē Moscow
89%
Mò Xī Gē Chéng Mexico City
84%
Mèng Mǎi Mumbai
79%
Méng Tè Léi Monterrey
74%
Mǎ Dé Lǐ Madrid
68%
Méng Tè Lì Ěr Montreal
68%
Màn Gǔ Bangkok
63%
Mài Jiā Mecca
63%
No matching quizzes found
Score Distribution
Percent of People with Each Score
Percentile by Number Answered
Your Score History
You have not taken this quiz